[Event "U14 Polish Youth Championship"]
[Site "chess24.com"]
[Date "2018.05.01"]
[Round "4"]
[White "Trybus, Daniel"]
[Black "Suder, Jakub"]
[Result "0-1"]
[Board "24"]
[WhiteElo "1831"]
[WhiteCountry "POL"]
[WhiteFideId "21816131"]
[WhiteEloChange "-8"]
[BlackElo "1895"]
[BlackCountry "POL"]
[BlackFideId "1195310"]
[BlackEloChange "8"]

1. d4 {[%clk 1:30:30]} d5 {[%clk 1:30:48]} 2. Nf3 {[%clk 1:30:42]} Nf6 {[%clk
1:31:10]} 3. Bf4 {[%clk 1:27:46]} c5 {[%clk 1:31:22]} 4. e3 {[%clk 1:23:04]} Nc6
{[%clk 1:31:41]} 5. c3 {[%clk 1:19:36]} cxd4 {[%clk 1:31:32]} 6. exd4 {[%clk
1:19:32]} Bf5 {[%clk 1:31:23]} 7. Nbd2 {[%clk 1:17:27]} e6 {[%clk 1:31:40]} 8.
Qb3 {[%clk 1:16:51]} Qc8 {[%clk 1:31:22]} 9. h3 {[%clk 1:14:27]} Be7 {[%clk
1:31:11]} 10. Be2 {[%clk 1:14:08]} O-O {[%clk 1:31:08]} 11. O-O {[%clk 1:13:10]}
h6 {[%clk 1:31:17]} 12. Ne5 {[%clk 1:07:24]} Nd7 {[%clk 1:29:01]} 13. Nef3 {[%clk
1:01:00]} a6 {[%clk 1:25:50]} 14. Rfc1 {[%clk 0:56:54]} b5 {[%clk 1:22:45]} 15.
a4 {[%clk 0:53:31]} Na5 {[%clk 1:22:35]} 16. Qd1 {[%clk 0:53:32]} Qb7 {[%clk
1:19:01]} 17. Ra2 {[%clk 0:51:11]} Rfc8 {[%clk 1:16:36]} 18. axb5 {[%clk
0:45:48]} axb5 {[%clk 1:16:56]} 19. Rca1 {[%clk 0:44:10]} Nc4 {[%clk 1:15:32]}
20. Qb3 {[%clk 0:41:01]} Rxa2 {[%clk 1:12:44]} 21. Rxa2 {[%clk 0:38:33]} Rc6
{[%clk 1:03:31]} 22. Nxc4 {[%clk 0:34:18]} dxc4 {[%clk 1:03:36]} 23. Qd1 {[%clk
0:34:35]} Ra6 {[%clk 0:58:31]} 24. Rxa6 {[%clk 0:34:02]} Qxa6 {[%clk 0:58:59]}
25. b3 {[%clk 0:32:30]} Be4 {[%clk 0:53:11]} 26. bxc4 {[%clk 0:27:19]} bxc4
{[%clk 0:53:20]} 27. Qf1 {[%clk 0:26:12]} Bd5 {[%clk 0:51:55]} 28. Qb1 {[%clk
0:25:12]} g5 {[%clk 0:47:33]} 29. Ne5 {[%clk 0:16:46]} Qb6 {[%clk 0:34:10]} 30.
Qc1 {[%clk 0:09:11]} Nxe5 {[%clk 0:32:44]} 31. Bxe5 {[%clk 0:09:31]} Qb3 {[%clk
0:28:52]} 32. Qe3 {[%clk 0:07:42]} Qb1+ {[%clk 0:24:13]} 33. Kh2 {[%clk 0:07:13]}
f6 {[%clk 0:21:39]} 34. Bc7 {[%clk 0:06:06]} Kg7 {[%clk 0:19:22]} 35. Bg4 {[%clk
0:04:39]} Qb7 {[%clk 0:14:15]} 36. Bg3 {[%clk 0:04:22]} f5 {[%clk 0:10:36]} 37.
Be5+ {[%clk 0:04:44]} Kg6 {[%clk 0:10:19]} 38. Bd1 {[%clk 0:04:16]} Bxg2 {[%clk
0:09:22]} 39. Qe2 {[%clk 0:04:19]} Kh7 {[%clk 0:01:58]} 40. Qh5 {[%clk 0:04:16]}
Bf8 {[%clk 0:01:50]} 41. Qe8 {[%clk 0:04:07]} Bf1 {[%clk 0:01:09]} 42. Bf3 {[%clk
0:03:25]} Qe7 {[%clk 0:01:15]} 43. Qc6 {[%clk 0:03:02]} Bg7 {[%clk 0:01:03]} 44.
Bd6 {[%clk 0:02:35]} Qf7 {[%clk 0:01:02]} 45. Qc8 {[%clk 0:02:10]} Bd3 {[%clk
0:01:09]} 46. Bc6 {[%clk 0:01:46]} f4 {[%clk 0:00:54]} 47. Be8 {[%clk 0:01:20]}
Qf5 {[%clk 0:01:02]} 48. Qd7 {[%clk 0:01:05]} Bf1 {[%clk 0:01:16]} 49. Qb7 {[%clk
0:00:42]} Qxh3+ {[%clk 0:01:14]} 50. Kg1 {[%clk 0:01:11]} Bd3 {[%clk 0:01:23]}
51. Be5 {[%clk 0:00:55]} Qf1+ {[%clk 0:01:45]} 52. Kh2 {[%clk 0:01:23]} Qxf2+
{[%clk 0:02:03]} 53. Kh1 {[%clk 0:01:52]} Qf1+ {[%clk 0:01:26]} 54. Kh2 {[%clk
0:02:20]} Qe2+ {[%clk 0:01:47]} 55. Kg1 {[%clk 0:02:40]} Qg4+ {[%clk 0:01:09]}
56. Kh2 {[%clk 0:02:31]} Qe2+ {[%clk 0:00:47]} 57. Kg1 {[%clk 0:02:48]} Qd1+
{[%clk 0:01:10]} 58. Kh2 {[%clk 0:02:59]} Qc2+ {[%clk 0:01:29]} 59. Kg1 {[%clk
0:02:58]} Qb1+ {[%clk 0:01:49]} 60. Qxb1 {[%clk 0:02:59]} Bxb1 {[%clk 0:02:14]}
61. Bd7 {[%clk 0:03:23]} Bxe5 {[%clk 0:02:38]} 62. dxe5 {[%clk 0:03:31]} Bd3
{[%clk 0:02:38]} 63. Bxe6 {[%clk 0:03:45]} Kg6 {[%clk 0:03:01]} 64. Kf2 {[%clk
0:03:45]} Be4 {[%clk 0:03:01]} 65. Bxc4 {[%clk 0:01:12]} Kf5 {[%clk 0:01:48]} 66.
e6 {[%clk 0:00:55]} Kf6 {[%clk 0:02:14]} 67. Bb3 {[%clk 0:00:47]} Bf5 {[%clk
0:02:38]} 68. Kf3 {[%clk 0:00:42]} Bxe6 {[%clk 0:03:04]} 69. Bd1 {[%clk 0:00:57]}
Ke5 {[%clk 0:03:28]} 70. Be2 {[%clk 0:01:05]} g4+ {[%clk 0:03:52]} 71. Kf2 {[%clk
0:01:25]} h5 {[%clk 0:04:16]} 72. Bd3 {[%clk 0:01:46]} h4 {[%clk 0:04:40]} 73.
Be2 {[%clk 0:01:55]} h3 {[%clk 0:04:56]} 74. Bf1 {[%clk 0:01:07]} g3+ {[%clk
0:05:15]} 0-1

[Event "U14 Polish Youth Championship"]
[Site "chess24.com"]
[Date "2018.05.01"]
[Round "4"]
[White "Czarniecki, Pawel"]
[Black "Czarnomski, Dominik"]
[Result "1-0"]
[Board "25"]
[WhiteElo "1412"]
[WhiteCountry "POL"]
[WhiteFideId "21810109"]
[WhiteEloChange "14"]
[BlackElo "1554"]
[BlackCountry "POL"]
[BlackFideId "21836086"]
[BlackEloChange "-14"]

1. d4 {[%clk 1:30:56]} Nf6 {[%clk 1:30:24]} 2. Nf3 {[%clk 1:31:19]} g6 {[%clk
1:30:49]} 3. Bg5 {[%clk 1:31:33]} Bg7 {[%clk 1:31:14]} 4. e3 {[%clk 1:31:49]} O-O
{[%clk 1:31:38]} 5. Bd3 {[%clk 1:32:14]} d6 {[%clk 1:31:52]} 6. O-O {[%clk
1:32:31]} Nc6 {[%clk 1:30:49]} 7. c3 {[%clk 1:32:26]} e5 {[%clk 1:29:15]} 8. Nbd2
{[%clk 1:32:11]} Bg4 {[%clk 1:28:39]} 9. h3 {[%clk 1:29:39]} Bxf3 {[%clk
1:28:46]} 10. Nxf3 {[%clk 1:29:59]} h6 {[%clk 1:27:18]} 11. Bxf6 {[%clk 1:28:43]}
Bxf6 {[%clk 1:27:21]} 12. Qc2 {[%clk 1:23:03]} Bg7 {[%clk 1:25:53]} 13. Rfe1
{[%clk 1:20:35]} f5 {[%clk 1:24:18]} 14. dxe5 {[%clk 1:19:01]} dxe5 {[%clk
1:19:24]} 15. e4 {[%clk 1:19:14]} f4 {[%clk 1:19:02]} 16. Rad1 {[%clk 1:19:09]}
Qf6 {[%clk 1:16:14]} 17. Bc4+ {[%clk 1:17:43]} Kh7 {[%clk 1:16:26]} 18. Rd7
{[%clk 1:17:58]} Na5 {[%clk 1:11:28]} 19. Qa4 {[%clk 1:14:02]} Qb6 {[%clk
1:06:40]} 20. Nxe5 {[%clk 1:09:53]} Rae8 {[%clk 1:05:34]} 21. Nd3 {[%clk
0:50:14]} f3 {[%clk 1:02:57]} 22. g3 {[%clk 0:40:42]} Nxc4 {[%clk 1:01:58]} 23.
Qxc4 {[%clk 0:40:46]} Rd8 {[%clk 0:58:49]} 24. Rxd8 {[%clk 0:39:54]} Rxd8 {[%clk
0:59:17]} 25. e5 {[%clk 0:40:12]} c6 {[%clk 0:55:44]} 26. e6 {[%clk 0:37:25]} Qc7
{[%clk 0:55:48]} 27. e7 {[%clk 0:36:37]} Re8 {[%clk 0:55:55]} 28. Qf7 {[%clk
0:36:32]} Qd7 {[%clk 0:55:57]} 29. Nf4 {[%clk 0:35:57]} b5 {[%clk 0:48:35]} 30.
Re6 {[%clk 0:25:32]} 1-0

[Event "U14 Polish Youth Championship"]
[Site "chess24.com"]
[Date "2018.05.01"]
[Round "4"]
[White "Michalski, Adrian"]
[Black "Bukala, Norbert"]
[Result "1/2-1/2"]
[Board "26"]
[WhiteElo "1355"]
[WhiteCountry "POL"]
[WhiteFideId "21836140"]
[WhiteEloChange "3"]
[BlackElo "1453"]
[BlackCountry "POL"]
[BlackFideId "21819971"]
[BlackEloChange "-3"]

1. d4 {[%clk 1:30:55]} Nf6 {[%clk 1:30:54]} 2. c4 {[%clk 1:31:19]} e6 {[%clk
1:31:18]} 3. Nc3 {[%clk 1:31:45]} Bb4 {[%clk 1:31:29]} 4. Bg5 {[%clk 1:31:17]} b6
{[%clk 1:28:33]} 5. e3 {[%clk 1:29:28]} Bb7 {[%clk 1:27:13]} 6. Nf3 {[%clk
1:28:17]} d6 {[%clk 1:25:23]} 7. Be2 {[%clk 1:27:53]} Nbd7 {[%clk 1:23:21]} 8.
O-O {[%clk 1:27:22]} O-O {[%clk 1:23:08]} 9. Nd2 {[%clk 1:24:18]} Re8 {[%clk
1:21:27]} 10. a3 {[%clk 1:19:40]} Bxc3 {[%clk 1:21:31]} 11. bxc3 {[%clk 1:20:03]}
h6 {[%clk 1:18:02]} 12. Bh4 {[%clk 1:20:19]} Nf8 {[%clk 1:11:13]} 13. Rb1 {[%clk
1:18:08]} Ng6 {[%clk 1:09:29]} 14. Bg3 {[%clk 1:18:34]} Qe7 {[%clk 1:08:48]} 15.
f4 {[%clk 1:18:39]} Red8 {[%clk 1:06:03]} 16. Bd3 {[%clk 1:18:10]} Nf8 {[%clk
1:03:22]} 17. Re1 {[%clk 1:18:27]} N8d7 {[%clk 1:02:22]} 18. Bh4 {[%clk 1:18:09]}
e5 {[%clk 0:58:32]} 19. Nb3 {[%clk 1:13:36]} e4 {[%clk 0:54:22]} 20. Be2 {[%clk
1:13:40]} c5 {[%clk 0:48:12]} 21. d5 {[%clk 1:13:58]} Rf8 {[%clk 0:47:52]} 22.
Nd2 {[%clk 1:14:05]} Qe8 {[%clk 0:47:29]} 23. Qb3 {[%clk 1:14:05]} Nh7 {[%clk
0:45:50]} 24. Bd1 {[%clk 1:14:03]} f5 {[%clk 0:45:28]} 25. Kh1 {[%clk 1:14:08]}
Kh8 {[%clk 0:44:50]} 26. Rb2 {[%clk 1:13:56]} Qf7 {[%clk 0:43:47]} 27. a4 {[%clk
1:12:50]} Rg8 {[%clk 0:37:19]} 28. Nf1 {[%clk 1:12:26]} g6 {[%clk 0:35:08]} 29.
Qa2 {[%clk 1:10:36]} Rge8 {[%clk 0:31:22]} 30. Nd2 {[%clk 1:10:45]} Rg8 {[%clk
0:31:32]} 31. Nf1 {[%clk 1:11:09]} Rg7 {[%clk 0:31:03]} 32. Nd2 {[%clk 1:10:51]}
Rgg8 {[%clk 0:31:26]} 33. Nb1 {[%clk 1:11:13]} Nhf6 {[%clk 0:31:28]} 34. Nd2
{[%clk 1:11:34]} Rge8 {[%clk 0:31:19]} 35. Nb1 {[%clk 1:11:29]} Rg8 {[%clk
0:31:01]} 36. Na3 {[%clk 1:11:42]} Kh7 {[%clk 0:30:36]} 37. Nb1 {[%clk 1:11:53]}
Kh8 {[%clk 0:30:14]} 38. Rg1 {[%clk 1:12:06]} Nh7 {[%clk 0:29:16]} 39. Nd2 {[%clk
1:12:31]} Qg7 {[%clk 0:29:12]} 40. Qb3 {[%clk 1:12:53]} Qf7 {[%clk 0:28:43]} 41.
Nb1 {[%clk 1:12:59]} Rgc8 {[%clk 0:28:00]} 42. Qc2 {[%clk 1:13:09]} Rg8 {[%clk
0:26:37]} 43. Na3 {[%clk 1:13:31]} Nhf6 {[%clk 0:26:33]} 44. Ra2 {[%clk 1:12:35]}
Ne8 {[%clk 0:25:36]} 45. Be2 {[%clk 1:12:43]} Nef6 {[%clk 0:24:18]} 46. Bd1
{[%clk 1:12:45]} Nh7 {[%clk 0:24:13]} 47. Be2 {[%clk 1:12:46]} Nhf6 {[%clk
0:24:28]} 48. Rb1 {[%clk 1:13:08]} Rgc8 {[%clk 0:23:02]} 49. Qd2 {[%clk 1:13:28]}
Qg7 {[%clk 0:23:15]} 50. Bf1 {[%clk 1:13:51]} Rg8 {[%clk 0:23:12]} 51. Re1 {[%clk
1:13:48]} Kh7 {[%clk 0:22:28]} 52. Nb5 {[%clk 1:12:38]} Ne8 {[%clk 0:22:31]} 53.
Na3 {[%clk 1:13:01]} Ba6 {[%clk 0:21:31]} 54. Rb1 {[%clk 1:13:15]} Nef6 {[%clk
0:20:33]} 55. Rab2 {[%clk 1:13:30]} Rh8 {[%clk 0:20:07]} 56. Nb5 {[%clk 1:13:43]}
Bxb5 {[%clk 0:15:25]} 57. cxb5 {[%clk 1:14:10]} Rhc8 {[%clk 0:15:22]} 58. c4
{[%clk 1:14:35]} a5 {[%clk 0:13:42]} 59. Be2 {[%clk 1:14:40]} Qf7 {[%clk
0:12:57]} 60. Rg1 {[%clk 1:15:00]} Rg8 {[%clk 0:12:34]} 61. Bd1 {[%clk 1:14:51]}
Rg7 {[%clk 0:11:35]} 62. Qc3 {[%clk 1:15:01]} Rag8 {[%clk 0:10:51]} 63. Rd2
{[%clk 1:14:41]} Rf8 {[%clk 0:09:57]} 64. Qb2 {[%clk 1:12:00]} Rgg8 {[%clk
0:09:04]} 65. Bg3 {[%clk 1:11:57]} Re8 {[%clk 0:08:35]} 66. h3 {[%clk 1:12:10]}
Rg7 {[%clk 0:08:10]} 67. Kh2 {[%clk 1:12:34]} Rgg8 {[%clk 0:04:55]} 68. Qc2
{[%clk 1:12:43]} Kh8 {[%clk 0:04:14]} 69. Qc3 {[%clk 1:13:06]} Kh7 {[%clk
0:04:37]} 70. Qa3 {[%clk 1:13:32]} Ra8 {[%clk 0:04:33]} 71. Qa2 {[%clk 1:13:58]}
Kg7 {[%clk 0:04:08]} 72. Qa1 {[%clk 1:14:22]} Kf8 {[%clk 0:04:27]} 73. Be1 {[%clk
1:14:45]} Ke7 {[%clk 0:04:40]} 74. g3 {[%clk 1:15:09]} Rh8 {[%clk 0:03:38]} 75.
Rdg2 {[%clk 1:15:21]} h5 {[%clk 0:03:18]} 76. Bc3 {[%clk 1:15:44]} Rh7 {[%clk
0:03:12]} 77. Rh1 {[%clk 1:15:58]} Rh6 {[%clk 0:02:23]} 78. Kg1 {[%clk 1:16:23]}
Qh7 {[%clk 0:02:30]} 1/2-1/2

[Event "U14 Polish Youth Championship"]
[Site "chess24.com"]
[Date "2018.05.02"]
[Round "5"]
[White "Oglaza, Oskar"]
[Black "Czopor, Maciej"]
[Result "0-1"]
[Board "1"]
[WhiteElo "2237"]
[WhiteCountry "POL"]
[WhiteFideId "1194402"]
[WhiteEloChange "-12"]
[BlackElo "2153"]
[BlackCountry "POL"]
[BlackFideId "21805431"]
[BlackEloChange "12"]

1. d4 {[%clk 1:30:42]} Nf6 {[%clk 1:30:55]} 2. c4 {[%clk 1:31:07]} e6 {[%clk
1:31:20]} 3. Nc3 {[%clk 1:31:29]} Bb4 {[%clk 1:31:44]} 4. Qc2 {[%clk 1:31:44]} d5
{[%clk 1:32:06]} 5. cxd5 {[%clk 1:31:52]} exd5 {[%clk 1:32:28]} 6. Bg5 {[%clk
1:32:07]} c5 {[%clk 1:32:32]} 7. dxc5 {[%clk 1:32:00]} h6 {[%clk 1:32:34]} 8. Bh4
{[%clk 1:32:01]} O-O {[%clk 1:32:14]} 9. O-O-O {[%clk 1:19:36]} Bxc3 {[%clk
1:25:45]} 10. Qxc3 {[%clk 1:19:08]} g5 {[%clk 1:26:06]} 11. Bg3 {[%clk 1:19:34]}
Bf5 {[%clk 1:26:26]} 12. Bd6 {[%clk 1:08:39]} Ne4 {[%clk 1:08:25]} 13. Qe5 {[%clk
1:08:48]} Nxd6 {[%clk 1:08:29]} 14. Rxd5 {[%clk 1:07:47]} Nc6 {[%clk 0:59:56]}
15. Qc3 {[%clk 1:08:07]} Qe7 {[%clk 0:52:47]} 16. Rxd6 {[%clk 0:58:54]} Rac8
{[%clk 0:49:48]} 17. e3 {[%clk 0:39:09]} Rfd8 {[%clk 0:36:59]} 18. Bd3 {[%clk
0:33:11]} Nb4 {[%clk 0:34:31]} 19. Rxd8+ {[%clk 0:32:28]} Qxd8 {[%clk 0:34:46]}
20. Bc4 {[%clk 0:31:18]} Rxc5 {[%clk 0:32:39]} 21. Qxb4 {[%clk 0:30:43]} Qd3
{[%clk 0:32:57]} 22. Qc3 {[%clk 0:30:52]} Rxc4 {[%clk 0:33:21]} 23. Qxc4 {[%clk
0:31:10]} Qxc4+ {[%clk 0:33:46]} 24. Kd1 {[%clk 0:31:34]} Qc2+ {[%clk 0:34:08]}
25. Ke1 {[%clk 0:32:01]} Bd3 {[%clk 0:34:27]} 26. f3 {[%clk 0:32:25]} Qxg2 {[%clk
0:34:50]} 0-1

[Event "U14 Polish Youth Championship"]
[Site "chess24.com"]
[Date "2018.05.02"]
[Round "5"]
[White "Fiedorek, Michal"]
[Black "Baum, Jonasz"]
[Result "0-1"]
[Board "2"]
[WhiteElo "2081"]
[WhiteCountry "POL"]
[WhiteFideId "1199528"]
[WhiteEloChange "-9"]
[BlackElo "2121"]
[BlackCountry "POL"]
[BlackFideId "1195360"]
[BlackEloChange "9"]

1. e4 {[%clk 1:30:56]} c5 {[%clk 1:30:56]} 2. Nf3 {[%clk 1:31:22]} d6 {[%clk
1:31:22]} 3. Bb5+ {[%clk 1:31:27]} Bd7 {[%clk 1:31:47]} 4. Bxd7+ {[%clk 1:31:46]}
Qxd7 {[%clk 1:32:12]} 5. c4 {[%clk 1:27:23]} Nf6 {[%clk 1:32:29]} 6. Nc3 {[%clk
1:22:52]} g6 {[%clk 1:32:54]} 7. d4 {[%clk 1:15:43]} cxd4 {[%clk 1:33:19]} 8.
Nxd4 {[%clk 1:15:51]} Bg7 {[%clk 1:33:37]} 9. f3 {[%clk 1:14:02]} O-O {[%clk
1:33:30]} 10. Be3 {[%clk 1:13:47]} Nc6 {[%clk 1:32:45]} 11. O-O {[%clk 1:13:45]}
a6 {[%clk 1:32:31]} 12. Rc1 {[%clk 1:05:23]} Rfd8 {[%clk 1:25:11]} 13. Qd2 {[%clk
0:59:22]} Nxd4 {[%clk 1:13:49]} 14. Bxd4 {[%clk 0:59:37]} e6 {[%clk 0:58:01]} 15.
Rfd1 {[%clk 0:54:29]} b5 {[%clk 0:52:00]} 16. Qg5 {[%clk 0:24:04]} h6 {[%clk
0:47:28]} 17. Qh4 {[%clk 0:22:59]} g5 {[%clk 0:46:31]} 18. Qf2 {[%clk 0:22:14]}
b4 {[%clk 0:26:04]} 19. Ne2 {[%clk 0:21:55]} Qa4 {[%clk 0:25:32]} 20. h4 {[%clk
0:15:29]} Qxa2 {[%clk 0:16:08]} 21. hxg5 {[%clk 0:14:32]} hxg5 {[%clk 0:16:34]}
22. Qg3 {[%clk 0:13:34]} Nh7 {[%clk 0:15:21]} 23. f4 {[%clk 0:07:07]} Bxd4+
{[%clk 0:12:58]} 24. Nxd4 {[%clk 0:07:23]} Qxb2 {[%clk 0:12:18]} 25. fxg5 {[%clk
0:06:50]} Nf8 {[%clk 0:11:08]} 26. Rc2 {[%clk 0:03:54]} Qa3 {[%clk 0:11:37]} 27.
Rd3 {[%clk 0:03:21]} Qa1+ {[%clk 0:12:01]} 28. Kh2 {[%clk 0:03:08]} Ng6 {[%clk
0:10:07]} 29. Rf2 {[%clk 0:02:39]} Rd7 {[%clk 0:04:21]} 30. Qh3 {[%clk 0:01:34]}
Qa5 {[%clk 0:04:17]} 31. Qh6 {[%clk 0:00:42]} Qe5+ {[%clk 0:04:32]} 32. Kg1
{[%clk 0:01:00]} Qg7 {[%clk 0:04:18]} 33. Qh5 {[%clk 0:01:01]} Rc8 {[%clk
0:04:02]} 34. Rf6 {[%clk 0:01:02]} Re7 {[%clk 0:03:07]} 35. Rh3 {[%clk 0:00:53]}
Rxc4 {[%clk 0:02:57]} 36. Nf5 {[%clk 0:00:49]} exf5 {[%clk 0:03:05]} 37. Rxd6
{[%clk 0:00:55]} Rc1+ {[%clk 0:03:13]} 38. Kf2 {[%clk 0:01:18]} Qb2+ {[%clk
0:03:23]} 39. Kg3 {[%clk 0:01:27]} Qe5+ {[%clk 0:03:43]} 0-1

[Event "U14 Polish Youth Championship"]
[Site "chess24.com"]
[Date "2018.05.02"]
[Round "5"]
[White "Skurniak, Szymon"]
[Black "Czernek, Tymon"]
[Result "1/2-1/2"]
[Board "3"]
[WhiteElo "1821"]
[WhiteCountry "POL"]
[WhiteFideId "21805571"]
[WhiteEloChange "6"]
[BlackElo "2057"]
[BlackCountry "POL"]
[BlackFideId "1199510"]
[BlackEloChange "-6"]

1. e4 {[%clk 1:30:58]} c5 {[%clk 1:30:55]} 2. Be2 {[%clk 1:31:24]} d6 {[%clk
1:29:25]} 3. d3 {[%clk 1:31:44]} Nc6 {[%clk 1:25:59]} 4. f4 {[%clk 1:32:10]} g6
{[%clk 1:23:09]} 5. Nf3 {[%clk 1:32:35]} Bg7 {[%clk 1:23:33]} 6. c3 {[%clk
1:33:02]} Bg4 {[%clk 1:15:47]} 7. O-O {[%clk 1:33:23]} e6 {[%clk 1:15:29]} 8. Na3
{[%clk 1:28:47]} Nge7 {[%clk 1:14:03]} 9. Qe1 {[%clk 1:27:12]} O-O {[%clk
1:12:04]} 10. Qh4 {[%clk 1:25:42]} Bxf3 {[%clk 1:09:23]} 11. Bxf3 {[%clk
1:25:33]} d5 {[%clk 1:06:33]} 12. Qf2 {[%clk 1:13:01]} d4 {[%clk 1:04:15]} 13. c4
{[%clk 1:10:07]} a6 {[%clk 1:01:42]} 14. Bd2 {[%clk 1:06:34]} Rb8 {[%clk
1:00:59]} 15. Rfc1 {[%clk 0:59:25]} Qd6 {[%clk 0:52:50]} 16. Rab1 {[%clk
0:52:18]} f6 {[%clk 0:44:29]} 17. Bg4 {[%clk 0:39:32]} b5 {[%clk 0:40:59]} 18. b3
{[%clk 0:39:17]} Kh8 {[%clk 0:35:08]} 19. g3 {[%clk 0:36:43]} e5 {[%clk 0:29:27]}
20. Rf1 {[%clk 0:26:17]} f5 {[%clk 0:26:15]} 21. Bf3 {[%clk 0:24:50]} b4 {[%clk
0:22:21]} 22. Nc2 {[%clk 0:25:06]} exf4 {[%clk 0:22:06]} 23. Bxf4 {[%clk
0:24:22]} Be5 {[%clk 0:22:30]} 24. Bh6 {[%clk 0:22:48]} Rf7 {[%clk 0:15:16]} 25.
exf5 {[%clk 0:15:38]} Nxf5 {[%clk 0:15:13]} 26. Bg5 {[%clk 0:14:19]} Rbf8 {[%clk
0:14:39]} 27. Bd5 {[%clk 0:13:42]} Nxg3 {[%clk 0:07:26]} 28. Bxf7 {[%clk
0:13:37]} Nxf1 {[%clk 0:07:47]} 29. Rxf1 {[%clk 0:14:00]} Kg7 {[%clk 0:08:03]}
30. Qf3 {[%clk 0:08:06]} h6 {[%clk 0:07:39]} 31. Bh4 {[%clk 0:07:36]} g5 {[%clk
0:07:07]} 32. Rf2 {[%clk 0:06:12]} Nd8 {[%clk 0:06:25]} 33. Rg2 {[%clk 0:04:21]}
Rxf7 {[%clk 0:06:23]} 34. Qe4 {[%clk 0:03:54]} Bf6 {[%clk 0:04:28]} 35. Bg3
{[%clk 0:03:49]} Qe6 {[%clk 0:03:28]} 36. Qxe6 {[%clk 0:02:04]} Nxe6 {[%clk
0:03:54]} 37. Re2 {[%clk 0:01:43]} Nf8 {[%clk 0:02:38]} 38. Bd6 {[%clk 0:01:57]}
Nd7 {[%clk 0:02:51]} 39. Re6 {[%clk 0:02:02]} Bd8 {[%clk 0:01:32]} 40. Bg3 {[%clk
0:02:00]} a5 {[%clk 0:01:20]} 41. Ne1 {[%clk 0:01:37]} h5 {[%clk 0:01:40]} 42.
Re8 {[%clk 0:01:34]} Rf8 {[%clk 0:01:36]} 43. Re6 {[%clk 0:01:14]} h4 {[%clk
0:01:51]} 44. Bd6 {[%clk 0:01:12]} Rf6 {[%clk 0:00:46]} 45. Be5 {[%clk 0:01:41]}
Nxe5 {[%clk 0:01:00]} 46. Rxe5 {[%clk 0:02:10]} Rc6 {[%clk 0:01:11]} 47. Nf3
{[%clk 0:02:07]} Bf6 {[%clk 0:00:54]} 48. Rd5 {[%clk 0:02:20]} Kg6 {[%clk
0:00:48]} 49. Nd2 {[%clk 0:02:17]} Be7 {[%clk 0:00:39]} 50. Ne4 {[%clk 0:02:02]}
Kh5 {[%clk 0:00:40]} 51. Re5 {[%clk 0:02:11]} Bd8 {[%clk 0:00:45]} 52. h3 {[%clk
0:02:23]} Kg6 {[%clk 0:01:06]} 53. Kg2 {[%clk 0:02:38]} Bf6 {[%clk 0:01:00]} 54.
Rxc5 {[%clk 0:01:10]} Rxc5 {[%clk 0:01:02]} 55. Nxc5 {[%clk 0:01:37]} Kf5 {[%clk
0:01:20]} 56. Ne4 {[%clk 0:01:33]} Be5 {[%clk 0:01:23]} 57. Kf3 {[%clk 0:01:52]}
Bc7 {[%clk 0:01:12]} 58. Nf2 {[%clk 0:01:47]} Bd6 {[%clk 0:01:21]} 1/2-1/2

[Event "U14 Polish Youth Championship"]
[Site "chess24.com"]
[Date "2018.05.02"]
[Round "5"]
[White "Wysocki, Mateusz"]
[Black "Redzisz, Michal"]
[Result "1-0"]
[Board "4"]
[WhiteElo "1626"]
[WhiteCountry "POL"]
[WhiteFideId "21810621"]
[WhiteEloChange "17"]
[BlackElo "1950"]
[BlackCountry "POL"]
[BlackFideId "21816107"]
[BlackEloChange "-17"]

1. e4 {[%clk 1:30:55]} c5 {[%clk 1:30:56]} 2. d4 {[%clk 1:31:18]} cxd4 {[%clk
1:30:41]} 3. c3 {[%clk 1:31:41]} dxc3 {[%clk 1:29:56]} 4. Nxc3 {[%clk 1:32:01]}
Nc6 {[%clk 1:29:54]} 5. Bc4 {[%clk 1:32:14]} d6 {[%clk 1:26:54]} 6. Nf3 {[%clk
1:31:44]} Nf6 {[%clk 1:24:52]} 7. O-O {[%clk 1:31:24]} Bg4 {[%clk 1:19:17]} 8. h3
{[%clk 1:30:13]} Bxf3 {[%clk 1:19:11]} 9. Qxf3 {[%clk 1:30:29]} a6 {[%clk
1:18:06]} 10. Bf4 {[%clk 1:24:24]} e5 {[%clk 1:11:21]} 11. Be3 {[%clk 1:24:11]}
Be7 {[%clk 1:09:36]} 12. Rfd1 {[%clk 1:23:05]} O-O {[%clk 1:05:56]} 13. Rac1
{[%clk 1:20:54]} Rc8 {[%clk 1:04:14]} 14. Nd5 {[%clk 1:16:10]} Nxd5 {[%clk
0:59:40]} 15. Bxd5 {[%clk 1:16:12]} Qd7 {[%clk 0:48:36]} 16. a3 {[%clk 1:11:22]}
Kh8 {[%clk 0:43:09]} 17. g4 {[%clk 1:08:49]} f6 {[%clk 0:41:55]} 18. Qe2 {[%clk
1:06:29]} Nb8 {[%clk 0:39:26]} 19. Qd2 {[%clk 1:02:20]} Rxc1 {[%clk 0:36:14]} 20.
Rxc1 {[%clk 1:02:29]} Rc8 {[%clk 0:36:05]} 21. Rc2 {[%clk 1:02:13]} Bd8 {[%clk
0:30:39]} 22. Qc1 {[%clk 0:59:15]} Rxc2 {[%clk 0:30:35]} 23. Qxc2 {[%clk
0:59:44]} b6 {[%clk 0:26:59]} 24. b4 {[%clk 0:50:58]} Qc7 {[%clk 0:25:24]} 25.
Qxc7 {[%clk 0:50:30]} Bxc7 {[%clk 0:25:53]} 26. Kf1 {[%clk 0:50:31]} g5 {[%clk
0:26:03]} 27. Ke2 {[%clk 0:50:33]} Kg7 {[%clk 0:26:00]} 28. Kd3 {[%clk 0:50:43]}
Kf8 {[%clk 0:25:39]} 29. Kc4 {[%clk 0:50:57]} b5+ {[%clk 0:22:30]} 30. Kc3 {[%clk
0:50:53]} Ke7 {[%clk 0:21:01]} 31. Ba7 {[%clk 0:50:31]} Kd7 {[%clk 0:19:34]} 32.
Bxb8 {[%clk 0:48:45]} Bxb8 {[%clk 0:20:00]} 33. Bb7 {[%clk 0:48:29]} Ba7 {[%clk
0:14:37]} 34. Bxa6 {[%clk 0:47:21]} Kc6 {[%clk 0:13:52]} 35. f3 {[%clk 0:45:45]}
Bd4+ {[%clk 0:08:31]} 36. Kb3 {[%clk 0:43:58]} Ba7 {[%clk 0:08:26]} 37. Bc8
{[%clk 0:42:06]} Bf2 {[%clk 0:06:12]} 38. Be6 {[%clk 0:42:12]} Bb6 {[%clk
0:06:13]} 39. a4 {[%clk 0:42:27]} bxa4+ {[%clk 0:06:17]} 40. Kxa4 {[%clk
0:42:44]} Bd8 {[%clk 0:06:41]} 41. Kb3 {[%clk 0:43:05]} Bb6 {[%clk 0:03:55]} 42.
Kc4 {[%clk 0:43:26]} h6 {[%clk 0:01:36]} 43. Bf7 {[%clk 0:43:29]} Kd7 {[%clk
0:01:10]} 44. Kd5 {[%clk 0:43:04]} Bd4 {[%clk 0:00:45]} 45. Be6+ {[%clk 0:41:55]}
Kc7 {[%clk 0:01:12]} 46. Bf5 {[%clk 0:42:12]} Bc3 {[%clk 0:00:59]} 47. b5 {[%clk
0:42:13]} Kb6 {[%clk 0:00:50]} 48. Bd7 {[%clk 0:42:39]} Kc7 {[%clk 0:00:48]} 49.
Bc6 {[%clk 0:43:05]} Bb4 {[%clk 0:00:49]} 50. Ke6 {[%clk 0:43:28]} Bc5 {[%clk
0:00:57]} 51. Kxf6 {[%clk 0:43:47]} Bf2 {[%clk 0:01:24]} 52. Kg6 {[%clk 0:42:45]}
Bh4 {[%clk 0:01:05]} 53. Kxh6 {[%clk 0:43:08]} Kb6 {[%clk 0:01:35]} 54. Kg6
{[%clk 0:42:04]} Kc5 {[%clk 0:02:01]} 55. Kf6 {[%clk 0:42:27]} Kb6 {[%clk
0:02:16]} 56. Be8 {[%clk 0:41:51]} Kc5 {[%clk 0:02:27]} 57. Ke6 {[%clk 0:42:01]}
Bg3 {[%clk 0:02:06]} 58. Bd7 {[%clk 0:40:34]} Bh4 {[%clk 0:01:25]} 59. Bc6 {[%clk
0:39:17]} Bg3 {[%clk 0:01:22]} 60. Kf5 {[%clk 0:39:30]} Bh4 {[%clk 0:01:41]} 61.
Bd7 {[%clk 0:38:58]} Kb6 {[%clk 0:02:06]} 62. Bc6 {[%clk 0:38:21]} Kc5 {[%clk
0:02:24]} 63. Ke6 {[%clk 0:38:50]} Bg3 {[%clk 0:02:43]} 64. Kd7 {[%clk 0:38:46]}
Be1 {[%clk 0:02:45]} 65. Kc7 {[%clk 0:38:30]} Ba5+ {[%clk 0:03:10]} 66. Kb7
{[%clk 0:38:39]} Bd8 {[%clk 0:03:07]} 67. Kc8 {[%clk 0:37:41]} Ba5 {[%clk
0:03:33]} 68. Kd7 {[%clk 0:37:43]} Be1 {[%clk 0:03:07]} 69. Kc7 {[%clk 0:37:10]}
Ba5+ {[%clk 0:03:31]} 70. Kb7 {[%clk 0:37:29]} Bd8 {[%clk 0:03:57]} 71. Bd7
{[%clk 0:37:51]} Ba5 {[%clk 0:04:16]} 72. h4 {[%clk 0:35:23]} gxh4 {[%clk
0:04:43]} 73. g5 {[%clk 0:35:50]} Bd8 {[%clk 0:04:57]} 74. g6 {[%clk 0:36:04]}
Bf6 {[%clk 0:05:25]} 75. b6 {[%clk 0:36:23]} d5 {[%clk 0:05:53]} 76. Kc7 {[%clk
0:35:45]} dxe4 {[%clk 0:06:14]} 77. fxe4 {[%clk 0:36:10]} 1-0